| 000 | 00601nam a2200169 a 4500 | ||
|---|---|---|---|
| 001 | 3799 | ||
| 003 | CDMR | ||
| 005 | 20130926170148.0 | ||
| 008 | 130130s1996||||||||||||||||||||||||||||d | ||
| 040 |
_aCDMR _bcat _cCDMR |
||
| 111 | 2 |
_aCongrés de Periodistes Catalans _cBarcelona _d1996 _n3er _9148 |
|
| 245 | 1 | 0 |
_aPeriodisme i societat _b: [Ponències i comunicacions] |
| 260 |
_aBarcelona _c1996 _bCol.legi de Periodistes de Catalunya |
||
| 300 |
_a3 v. ; _c30 cm |
||
| 500 | _aPonències del 3r Congrès de Periodistes Catalans, celebrat els dies 29, 30 de novembre i 1 de desembre de 1996 | ||
| 942 |
_cMON _2udc |
||
| 999 |
_c3799 _d3799 |
||